| 000 | 00664nam a2200193Ia 4500 | ||
|---|---|---|---|
| 003 | GCL | ||
| 008 | 140319s9999 xx 000 0 ara d | ||
| 040 |
_aGCL / _cGCL |
||
| 082 | 0 | 4 |
_a792.0973 _bب ك |
| 100 | 1 | _aبدون - جويلوورى | |
| 245 | 1 | 0 |
_aكابتات المسرح السوداوات فى الولايات المتحدة / _cبدون - جويلوورى |
| 700 | 1 | _aايمان حجازى | |
| 300 | _a229 ص | ||
| 490 |
_aالهيئة العامة للاستعلامات _v0 |
||
| 650 | 0 | 4 | _aالمسرح |
| 650 | 0 | 4 | _aالمسرح - الولايات المتحدة الامريكية |
| 650 | 0 | 4 | _aمؤلفات النساء |
| 942 |
_2ddc _cBK |
||
| 999 |
_c52031 _d52031 |
||